[Event "Muensterland Verbandsklasse-A 0506"]
[Site "Germany"]
[Date "2006.05.06"]
[Round "9.8"]
[White "Holtmann, Guido"]
[Black "Spoeler, Gerd"]
[Result "0-1"]
[WhiteElo "1336"]
[BlackElo "1712"]
[PlyCount "65"]
[EventDate "2005.09.03"]
[EventType "team"]
[EventRounds "9"]
[EventCountry "GER"]
[SourceTitle "EXT 2006"]
[Source "ChessBase"]
[SourceDate "2005.11.24"]
[SourceVersion "1"]
[SourceVersionDate "2005.11.24"]
[SourceQuality "1"]
[WhiteTeam "Ahaus Wessum"]
[BlackTeam "Heiden II"]
[WhiteTeamCountry "GER"]
[BlackTeamCountry "GER"]

1. e4 e6 2. d4 d5 3. e5 c5 4. Bb5+ Nc6 5. Nf3 Nge7 6. dxc5 Qa5+ 7. Nc3 a6 8. Bxc6+ Nxc6 9. Be3 Bxc5 10. Bxc5 Qxc5 11. 0-0 b5 12. a3 Bb7 13. Qd3 h6 14. b4 Qb6 15. Rad1 Rc8 16. Rfe1 Qc7 17. Rd2 0-0 18. h3 Nxe5 19. Nxe5 Qxc3 20. Qxc3 Rxc3 21. Ra1 Rfc8 22. Ra2 f6 23. Nd7 R8c4 24. Nc5 Bc8 25. Kf1 Kf7 26. Ke2 Kg6 27. Nd3 e5 28. Nc5 Rd4 29. Rxd4 exd4 30. Nd3 Kf5 31. a4 bxa4 32. Rxa4 Rxc2+ 33. Kd1 0-1